|
|
|
|
| LEADER |
00947nab#a2200325#ar4500 |
| 001 |
000076444 |
| 003 |
SVKKK |
| 005 |
20080721135335.0 |
| 008 |
080707d1904 xo |||||||||||||||b|hun |
| FMT |
|
|
|
| 038 |
|
|
|a SVKKK
|
| 040 |
|
|
|a SVKKK
|b slo
|e AACR2
|
| 041 |
0 |
|
|a hun
|
| 044 |
|
|
|a xo
|c SK
|
| 080 |
|
|
|a 614.84
|2 1997
|
| 080 |
|
|
|a 663.4
|2 1997
|
| 242 |
1 |
0 |
|a Požiar v Michalovciach
|y slo
|
| 245 |
1 |
0 |
|a Tüzek Nagymihályban
|
| 500 |
|
|
|a Zd 74/Ba
|
| 520 |
2 |
|
|a Správa o dvoch požiaroch, z ktorých jeden zničil pivovar firmy B.Müller a syn aj s bočnými budovami
|
| 650 |
0 |
4 |
|a požiare
|c pivovar (B. Müller a syn)
|z Michalovce (Slovensko)
|y október 1904
|
| 773 |
0 |
|
|t Felsömagyarország
|g Roč. 20, č. 257 (27.10.1904) s. 4
|
| 957 |
|
|
|a Michalovce
|
| 958 |
|
|
|a DG
|
| 958 |
|
|
|a HU
|
| 974 |
|
|
|a zuz/Ba
|
| 992 |
|
|
|a RBX
|
| 997 |
|
|
|c Müller B. és Fiai p. B. Müller a synovia
|d Nagymihály p. Michalovce
|
| BAS |
|
|
|
| 998 |
|
|
|a RETRO
|